[Event "Gibraltar Masters 18th"]
[Site "Caleta"]
[Date "2020.01.29"]
[Round "9"]
[White "Bottke, Hartmut"]
[Black "Rangel, Daniel"]
[Result "1/2-1/2"]
[WhiteElo "2185"]
[BlackElo "2269"]
[PlyCount "87"]
[EventDate "2020.01.21"]
[EventType "swiss"]
[EventRounds "10"]
[EventCountry "GGB"]
[SourceTitle "CBM 194 Extra"]
[Source "ChessBase"]
[SourceDate "2020.03.31"]
[SourceVersion "1"]
[SourceVersionDate "2020.03.31"]
[SourceQuality "1"]

1. d4 Nf6 2. c4 e6 3. Nf3 d5 4. Nc3 c6 5. e3 Nbd7 6. Qc2 Bd6 7. Bd3 dxc4 8. Bxc4 b5 9. Be2 Bb7 10. 0-0 a6 11. e4 e5 12. dxe5 Nxe5 13. Nxe5 Bxe5 14. Be3 0-0 15. Bc5 Re8 16. Bf3 Nd7 17. Be3 c5 18. Nd5 Bxd5 19. exd5 Qh4 20. g3 Qf6 21. Bg4 Qd6 22. Bxd7 Qxd7 23. Qxc5 Rec8 24. Qa3 Qxd5 25. Rfd1 Qf3 26. Rac1 h5 27. Bc5 Qf6 28. Rc2 Bxb2 29. Rxb2 Rxc5 30. Qxc5 Qxb2 31. Qc6 Rb8 32. Qxa6 Qe2 33. Qd6 Ra8 34. Rd2 Qe1+ 35. Kg2 Qe4+ 36. Kg1 Rc8 37. Rd1 Rc2 38. Qd8+ Kh7 39. Qd5 Qe2 40. Qf5+ Kh6 41. Rd6+ f6 42. Rxf6+ gxf6 43. Qxf6+ Kh7 44. Qf7+ 1/2-1/2

[Event "Gibraltar Masters 18th"]
[Site "Caleta"]
[Date "2020.01.28"]
[Round "8"]
[White "Hamer, Martyn"]
[Black "Bottke, Hartmut"]
[Result "0-1"]
[WhiteElo "2069"]
[BlackElo "2185"]
[PlyCount "68"]
[EventDate "2020.01.21"]
[EventType "swiss"]
[EventRounds "10"]
[EventCountry "GGB"]
[SourceTitle "CBM 194 Extra"]
[Source "ChessBase"]
[SourceDate "2020.03.31"]
[SourceVersion "1"]
[SourceVersionDate "2020.03.31"]
[SourceQuality "1"]

1. d4 Nf6 2. Nc3 d5 3. Bf4 e6 4. Nb5 Na6 5. e3 c6 6. Nc3 Qb6 7. Rb1 Be7 8. a3 c5 9. Nf3 0-0 10. Bd3 Bd7 11. 0-0 Rfd8 12. Ne5 Be8 13. g4 Rdc8 14. g5 Ne4 15. Qh5 cxd4 16. Nxe4 dxe4 17. Bxe4 f5 18. g6 Bxg6 19. Nxg6 hxg6 20. Qxg6 fxe4 21. Be5 Bf8 22. exd4 Rxc2 23. Rfe1 Qc6 24. h4 Qe8 25. Qxe4 Rac8 26. Qxb7 Qf7 27. Qg2 Nb8 28. Re3 Rc1+ 29. Rxc1 Rxc1+ 30. Kh2 Nc6 31. Rf3 Qd7 32. Bf4 Rd1 33. h5 Nxd4 34. Re3 Qd5 0-1

[Event "Gibraltar Masters 18th"]
[Site "Caleta"]
[Date "2020.01.27"]
[Round "7"]
[White "Bottke, Hartmut"]
[Black "Vidic, Teja"]
[Result "0-1"]
[WhiteElo "2185"]
[BlackElo "2252"]
[PlyCount "52"]
[EventDate "2020.01.21"]
[EventType "swiss"]
[EventRounds "10"]
[EventCountry "GGB"]
[SourceTitle "CBM 194 Extra"]
[Source "ChessBase"]
[SourceDate "2020.03.31"]
[SourceVersion "1"]
[SourceVersionDate "2020.03.31"]
[SourceQuality "1"]

1. d4 d5 2. c4 c6 3. Nc3 Nf6 4. Nf3 dxc4 5. a4 Bf5 6. e3 e6 7. Bxc4 Bb4 8. 0-0 0-0 9. Qe2 Nbd7 10. e4 Bg6 11. Bg5 Qa5 12. e5 Nd5 13. Na2 Qxa4 14. Nxb4 Qxb4 15. Ra3 N7b6 16. Bd3 a6 17. Rd1 Rac8 18. Bc1 c5 19. Bxg6 fxg6 20. Ng5 Rc6 21. Qg4 Rf5 22. Rh3 Rxe5 23. Nf3 Rf5 24. Qh4 Nf6 25. dxc5 Qxh4 26. Nxh4 Rfxc5 0-1

[Event "Gibraltar Masters 18th"]
[Site "Caleta"]
[Date "2020.01.24"]
[Round "4"]
[White "Zhukova, Natalia"]
[Black "Bottke, Hartmut"]
[Result "1-0"]
[WhiteElo "2338"]
[BlackElo "2185"]
[PlyCount "67"]
[EventDate "2020.01.21"]
[EventType "swiss"]
[EventRounds "10"]
[EventCountry "GGB"]
[SourceTitle "CBM 194 Extra"]
[Source "ChessBase"]
[SourceDate "2020.03.31"]
[SourceVersion "1"]
[SourceVersionDate "2020.03.31"]
[SourceQuality "1"]

1. c4 Nf6 2. Nc3 g6 3. e4 d6 4. d4 Bg7 5. f3 0-0 6. Bg5 c5 7. d5 h6 8. Be3 e6 9. Qd2 exd5 10. cxd5 Nbd7 11. Nh3 Ne5 12. Nf2 h5 13. Be2 Nh7 14. 0-0 a6 15. a4 g5 16. f4 gxf4 17. Bxf4 h4 18. Nd3 Ng6 19. Bh6 Bxh6 20. Qxh6 Qg5 21. Qxg5 Nxg5 22. Bh5 c4 23. Bxg6 fxg6 24. Rxf8+ Kxf8 25. Ne1 Bg4 26. Nc2 Rc8 27. Rf1+ Nf7 28. Nd4 Ke7 29. Rf4 Bd7 30. Rxh4 g5 31. Rh7 Kf6 32. Nf5 Kg6 33. Rg7+ Kf6 34. Rxf7+ 1-0

[Event "Staufer op 13th"]
[Site "Schwaebisch Gmuend"]
[Date "2001.??.??"]
[Round "7"]
[White "Bottke, Hartmut"]
[Black "Metz, Hartmut"]
[Result "0-1"]
[WhiteElo "2201"]
[BlackElo "2334"]
[PlyCount "56"]
[EventDate "2001.01.??"]
[EventType "swiss"]
[EventRounds "9"]
[EventCountry "GER"]
[SourceTitle "CBM 080 Extra"]
[Source "ChessBase"]
[SourceDate "2001.03.08"]
[SourceVersion "1"]
[SourceVersionDate "2001.03.08"]
[SourceQuality "1"]

1. e4 c6 2. d4 d5 3. Nd2 dxe4 4. Nxe4 Nf6 5. Nxf6+ gxf6 6. Ne2 Bf5 7. Ng3 Bg6 8. h4 h5 9. Be2 Nd7 10. Bf4 Qb6 11. 0-0 0-0-0 12. c3 Qxb2 13. Qa4 e5 14. dxe5 fxe5 15. Be3 Qa3 16. Qc4 Nb6 17. Bxb6 axb6 18. Bf3 Qc5 19. Qb3 Be7 20. Ne4 Bxe4 21. Bxe4 Bxh4 22. Rab1 Rd2 23. Qxb6 Qxb6 24. Rxb6 Rxa2 25. f4 Re8 26. fxe5 Rxe5 27. Bb1 Rd2 28. Rxf7 Re1+ 0-1

[Event "Staufer op 13th"]
[Site "Schwaebisch Gmuend"]
[Date "2001.??.??"]
[Round "6"]
[White "Klaus, Daniel"]
[Black "Bottke, Hartmut"]
[Result "0-1"]
[WhiteElo "2050"]
[BlackElo "2201"]
[PlyCount "54"]
[EventDate "2001.01.??"]
[EventType "swiss"]
[EventRounds "9"]
[EventCountry "GER"]
[SourceTitle "CBM 080 Extra"]
[Source "ChessBase"]
[SourceDate "2001.03.08"]
[SourceVersion "1"]
[SourceVersionDate "2001.03.08"]
[SourceQuality "1"]

1. d4 Nf6 2. Bf4 g6 3. Nf3 Bg7 4. e3 0-0 5. Nbd2 c5 6. c3 b6 7. Be2 Bb7 8. 0-0 d6 9. h3 Nbd7 10. Qc2 Rc8 11. Rac1 Re8 12. Rfd1 cxd4 13. exd4 a6 14. Qb3 Qc7 15. Bc4 e6 16. Be2 Bf8 17. Re1 e5 18. Bg3 exd4 19. Nxd4 Nc5 20. Qd1 Bh6 21. Bh4 Nfe4 22. Nxe4 Rxe4 23. Bg4 Rxe1+ 24. Qxe1 Nd3 25. Qf1 Nxc1 26. Bxc8 Qxc8 27. g4 Bg7 0-1

[Event "Bad Woerishofen op 11th"]
[Site "Bad Woerishofen"]
[Date "1995.??.??"]
[Round "6"]
[White "Bottke, Hartmut"]
[Black "Goy, Udo"]
[Result "1-0"]
[WhiteElo "1950"]
[BlackElo "2210"]
[PlyCount "85"]
[EventDate "1995.03.10"]
[EventType "swiss"]
[EventRounds "9"]
[EventCountry "GER"]
[SourceTitle "CBM 047 Extra"]
[Source "ChessBase"]
[SourceDate "1995.09.01"]
[SourceVersion "1"]
[SourceVersionDate "1995.09.01"]
[SourceQuality "1"]

1. e4 e6 2. d4 d5 3. Nd2 Nf6 4. e5 Nfd7 5. f4 Nc6 6. c3 b6 7. Bd3 Bb7 8. Ne2 Qh4+ 9. Ng3 f5 10. Nf3 Qe7 11. Ng5 g6 12. h4 0-0-0 13. h5 Bh6 14. Nf3 Rdg8 15. hxg6 hxg6 16. Kf2 Nd8 17. a4 Nf7 18. a5 g5 19. fxg5 Bxg5 20. Rxh8 Rxh8 21. axb6 axb6 22. Ba6 Bxa6 23. Rxa6 Nb8 24. Ra8 Bxc1 25. Qxc1 Qd7 26. Qa1 Qc6 27. Qa7 Qb7 28. Qa3 Kd7 29. Qa4+ b5 30. Qa3 Nh6 31. Ne1 Ng4+ 32. Kg1 b4 33. cxb4 Qc6 34. Nd3 Qc4 35. Qc3 Kc8 36. Qxc4 dxc4 37. Nc5 Ne3 38. Ne2 Nd1 39. Nc3 Nxb2 40. Nb5 c6 41. Nd6+ Kc7 42. Ra7+ Kd8 43. Nxe6# 1-0